| 000 | 00762nam a22002657a 4500 | ||
|---|---|---|---|
| 001 | BR8007435 | ||
| 003 | BR-BrBNA | ||
| 005 | 20230928090844.0 | ||
| 007 | ta | ||
| 008 | 230509b bl.||||| |||| 00| 0 por d | ||
| 040 |
_aBR-BrBNA _bpor _cBiblioteca Nacional de Agricultura |
||
| 041 | _a(Por) | ||
| 072 |
_aE30 _b/G302 |
||
| 090 | _ E30 BR8007435 | ||
| 100 | 1 | _aLauschner, R. | |
| 245 | 1 | _aRelacoes dos governos com as organizacoes de auto-ajuda [politica de desenvolvimento, America Latina] | |
| 260 | 3 |
_a[np]: _c[nd]. |
|
| 300 | _a12 p. | ||
| 500 | _a8 ref.; Published after 1979 | ||
| 650 | _aDESENVOLVIMENTO AGRICOLA | ||
| 650 | _aPOLITICA DE DESENVOLVIMENTO | ||
| 650 | _aAMERICA LATINA | ||
| 909 |
_a202309 _bLucia _c55 _dLucia Elande |
||
| 942 | _cBK | ||
| 999 |
_c30925 _d30925 |
||